| 000 | | | 05492cbm0a2200325#x 450 |
| 001 | | | 33aac079-4225-4f8e-bcec-6202af1f1590 |
| 005 | | | 20241029104157.0 |
| 100 | ## | $a | 20241023j19440320k###0rusy50 ca |
| 101 | 0# | $a | rus |
| 102 | ## | $a | RU |
| 122 | 0# | $a | d19440320## |
| 200 | 1# | $a | Шифртелеграмма заместителя наркома иностранных дел СССР В. Г. Деканозова послу СССР в Великобритании Ф. Т. Гусеву относительно попыток представителей движения "Свободных австрийцев" в Лондоне установить контакт с австрийской эмиграцией в СССР |
| | $j | 20 марта 1944 г. |
| 251 | ## | $c | Документ |
| 300 | ## | $a | Подлинник |
| 461 | #0 | $1 | 2001 |
| | $a | Ф. 059 |
| | $1 | 251 |
| | $c | Фонд |
| | $1 | 852 |
| | $j | 059 |
| 462 | #0 | $1 | 2001 |
| | $a | Оп. 12. П. 11 |
| | $1 | 251 |
| | $c | Опись |
| | $1 | 852 |
| | $j | 12. П. 11 |
| 462 | #0 | $1 | 2001 |
| | $a | Д. 62 |
| | $v | Л. 199 |
| | $1 | 251 |
| | $c | Дело |
| | $1 | 852 |
| | $j | 62 |
| 601 | 01 | $2 | nlr_sh |
| | $3 | RU\NLR\AUTH\661367497 |
| | $a | СССР |
| | $b | Министерство иностранных дел |
| | $x | История |
| | $j | Документы и материалы |
| 605 | ## | $2 | prlib_sh |
| | $3 | LIBNET\UAF\0000088514 |
| | $a | Вторая мировая война в архивных документах (Комплекс оцифрованных архивных документов, кино- и фотоматериалов) |
| | $l | коллекция |
| 605 | ## | $2 | acquisition_Prlib |
| | $3 | DITM\AF\0000002775 |
| | $a | Власть |
| | $l | коллекция |
| 607 | ## | $2 | nlr_sh |
| | $3 | RU\NLR\AUTH\661042768 |
| | $a | СССР |
| | $x | Внешняя политика |
| | $z | 1941 - 1945 |
| | $j | Документы и материалы |
| 607 | ## | $2 | nlr_sh |
| | $3 | RU\NLR\AUTH\661455749 |
| | $a | СССР |
| | $x | Взаимоотношения |
| | $y | Великобритания |
| | $z | 1940 - 1945 |
| | $j | Документы и материалы |
| 607 | ## | $2 | nlr_sh |
| | $3 | RU\NLR\AUTH\661455750 |
| | $a | Великобритания |
| | $x | Взаимоотношения |
| | $y | СССР |
| | $z | 1940 - 1945 |
| | $j | Документы и материалы |
| 686 | ## | $a | 63.3(2)622-64(4Вел)ю1 |
| | $2 | rubbk |
| | $v | LBC/M |
| 686 | ## | $a | 63.3(4Вел)622-64(2)ю1 |
| | $v | LBC/M |
| | $2 | rubbk |
| 801 | #0 | $a | RU |
| | $b | ПБ им. Б.Н. Ельцина |
| | $c | 20241023 |
| 801 | #1 | $a | RU |
| | $b | ПБ им. Б.Н. Ельцина |
| | $c | 20241023 |
| | $2 | rusmarc |
| 801 | #2 | $a | RU |
| | $b | ПБ им. Б.Н. Ельцина |
| | $c | 20241029 |
| | $2 | rusmarc |
| 850 | ## | $a | Архив внешней политики Российской Федерации |
| 852 | ## | $a | АВП РФ |
| | $j | Л. 199 |
| 035 | ## | $a | LIBNET\0001431916 |
| 937 | ## | $d | 194505293 |
| | $h | Федеральное архивное агентство |
| 856 | 4# | $u | http://readingroom.main.prlib.ru/item.aspx?id_node=n194505293&mode=full |